Approaches to planning and design of health care facilities in developing areas. Volume 4 (Record no. 34656)
[ view plain ]
| 000 -LEADER | |
|---|---|
| fixed length control field | 00738nam a2200217 a 4500 |
| 003 - CONTROL NUMBER IDENTIFIER | |
| control field | CBULib |
| 005 - DATE AND TIME OF LATEST TRANSACTION | |
| control field | 20260527091910.0 |
| 008 - FIXED-LENGTH DATA ELEMENTS--GENERAL INFORMATION | |
| fixed length control field | 120416s1983 ||||||||||||||||| || u |
| 040 ## - CATALOGING SOURCE | |
| Language of cataloging | English |
| Transcribing agency | CBULib |
| Description conventions | rda |
| 050 ## - LIBRARY OF CONGRESS CALL NUMBER | |
| Classification number | RA 967 App |
| 100 ## - MAIN ENTRY--PERSONAL NAME | |
| Personal name | Kleczkowski, B. M |
| 9 (RLIN) | 5585 |
| 245 10 - TITLE STATEMENT | |
| Title | Approaches to planning and design of health care facilities in developing areas. Volume 4 |
| Statement of responsibility, etc | / edited by B. M. Kleczkowski and R. Pibouleau |
| 260 ## - PUBLICATION, DISTRIBUTION, ETC. (IMPRINT) | |
| Place of publication, distribution, etc | Geneva : |
| Name of publisher, distributor, etc | WHO, |
| Date of publication, distribution, etc | 1983 |
| 300 ## - PHYSICAL DESCRIPTION | |
| Extent | 322 pages : illustrations |
| 336 ## - CONTENT TYPE | |
| Source | rdacontent |
| Content type term | Text | |
| Content type code | txt |
| 337 ## - MEDIA TYPE | |
| Source | rdamedia |
| Media type term | Unmediated | |
| Media type code | n |
| 338 ## - CARRIER TYPE | |
| Source | rdacarrier |
| Carrier type term | Volume |
| Carrier type code | nc |
| 700 ## - ADDED ENTRY--PERSONAL NAME | |
| Personal name | Pibouleau, R. |
| 9 (RLIN) | 5586 |
| 942 ## - ADDED ENTRY ELEMENTS (KOHA) | |
| Source of classification or shelving scheme | |
| Koha item type | MONOGRAPH |
| Withdrawn status | Lost status | Source of classification or shelving scheme | Damaged status | Not for loan | Collection code | Permanent Location | Current Location | Shelving location | Date acquired | Inventory number | Full call number | Barcode | Date last seen | Price effective from | Koha item type |
|---|---|---|---|---|---|---|---|---|---|---|---|---|---|---|---|
| Main Library Open Access Collection | CBU-MAIN LIBRARY, KITWE. | CBU-MAIN LIBRARY, KITWE. | General Stacks | 11/30/2022 | 726564 | RA 967 App | 018333 | 11/30/2022 | 11/30/2022 | MONOGRAPH |